000 02228nam a2200433 i 4500
001 000020672
003 DO-SdBNP
005 20250723145219.0
007 ta
008 100812s2019 dr 000 0 spa d
020 _a9789945503609
040 _aDO-SdBNP
_bspa
_cBNPHU
_erda
041 _aspa
082 4 _axxx
_bxxx
_222
111 _aXV Feria Regional del Libro y la cultura Monte Plata 2019
_d(2019)
_976661
245 0 0 _aVoces del Este 2019 :
_bcuentos y poemas ganadores del certamen regional para Talleres Literarios /
_cBileysi Reyes, María del Carmen Villafaña, Ámbar Rodríguez, Francisco Antonio Encarnación
260 _aSanto Domingo,
_c2019.
_bNacional
300 _a92 páginas ;
_c21 cm.
336 _atexto
_btxt
_2rdacontent
337 _asin mediación
_bn
_2rdamedia
338 _avolumen
_bnc
_2rdacarrier
490 1 _aNarrativa-Poesía
505 0 _aCuentos --
_tRuidos profanos /
_rBileysi Reyes /
_g1er. lugar --
_tRumores /
_rMaría del Carmen Villafaña /
_g2do. lugar --
_tKatlyn /
_rÁmbar Rodríguez /
_g3er. lugar --
_tLa marca /
_rFrancisco Antonio Encarnación /
_g1ra. mención --
_tMuerte súbita /
_rJonás Sánchez Paulino /
_g2da. mención --
_tUn demonio en la casa de Dios /
_rRuth Elizabeth Abréu /
_g3era. mención --
505 0 _aPoemas --
_tIntangibilidad de la ciudad costera /
_rÁmbar Rodríguez /
_g1er. lugar --
_tA ustedes/
_rLeyddy Dhianna Reynoso /
_g2do. lugar --
_tPapi /
_rIvania Edelmira Henriguez /
_g3er. lugar --
_tMagdalena /
_rRosbelisa Berroa /
_g1era. mención --
_tNieve negra /
_rAngie Francisca Peña /
_g2da. mención --
_tOnirismo /
_rVíctor Andrés de Óleo /
_g3era. mención --
590 _aInventariado, 2020/YL
700 1 2 _aReyes, Bileysi,
_d1993
_976663
700 1 2 _aVillafaña, María del Carmen
_976664
700 1 2 _aRodríguez, Ámbar
_976665
700 1 2 _aEncarnación, Francisco Antonio
_976666
700 1 2 _aSánchez Paulino, Jonás
_974654
700 1 2 _aAbréu, Ruth Elizabeth
_976667
700 1 2 _aReynoso, Leyddy Dhianna
_976668
700 1 2 _aHenríquez, Ivania Edelmira
_974648
700 1 2 _aBerroa, Rosbelisa
_976669
700 1 2 _aPeña, Angie Francisca
_976670
700 1 2 _aÓleo, Víctor Andrés de
_976671
942 _2ddc
_cLBS1
956 _aYLOCKWARD
999 _c20176
_d20176